00946cam a22002411a 450000100060000000300080000600500170001400800410003103500190007203500110009104000180010204100080012008200260012810000410015424500890019526000320028430000370031660000410035394200120039499900170040695201380042395201430056177289BD-RjUL20211209082944.0200311s1948 enk 000 0 eng d a(BD-RjUL)77514 a369400 aANLbengcANL aeng 219a821.092bGRE 19481 aSitwell, Osbert,d1892-1969.924071110aGreat morning :bbeing the third volume of left hand, right hand : an autobiography. aLondon :bMacmillan,c1948. aviii, 323 p. :bports. ;c23 cm.10aSitwell, Osbert,d1892-1969.9240712 2ddccBK c77289d77289 00102ddc40708NFICaRUCLbRUCLcStackd1965-05-01eZetlingerg21.00l0o821.092 GRE 1948r2020-03-11 00:00:00tC-2w2020-03-11yBK 00102ddc40708NFICaRUCLbRUCLcStackd1965-10-25eB.H. Blackwellg21.00l0o821.092 GRE 1948r2020-03-11 00:00:00tC-1w2020-03-11yBK